01293nam a2200289 a 450000100100000000500170001000800410002702000150006804000250008308200210010810000450012924502360017424600600041025000270047026000610049730000280055849000290058650000710061550000480068650400560073465000360079065000290082670000430085570000410089870000350093983000290097400003779620201002031120.0130306s2002 cl ac 001 0dspa d a9583002542 aDO-SdBNPbspacBNPHU a193bN677a, 20021 aNietzsche, Friedrich Wilhelm,d1844-190013aEl anticrsito (El anticristiano) :bmaldición sobre el cristianismo /cFriedrich Nietzsche ; introducción y notas Rafael Gutiérrez Girardot ; traducción Martha Kovacsics Mészáros ; ilustración Rafael Dussán Mejía.23aEl anticristiano :bmaldición sobre el cristianismo / a[1ª ed., 4ª reimpr.] aSanta Fé de Bogotá, Colombia :bPanamericana,c2002. a163 p. :bil. ;c22 cm.1 aFilosofía & política aIncluye datos biográficos del autor en la solapa de la cubierta. aIncluye cronología del autor: p. 153-163. aIncluye bibliografía y notas al pie de páginas. 4aCristianismoxObras polémicas 4aFilosofía y religión1 aGutiérrez Girardot, Rafael,eintrod.1 aKovacsics Mészáros, Martha,etr.1 aDussán Mejía, Rafael,eil. 0aFilosofía & política